00409 a2200109 4500001000900000005001700009008004100026245008200067100002300149773011000172999001700282ART_484620260410161825.0260409a 10aLa generación de empleo de calidad y los procesos de integración regional1 aMartínez, Daniel0 tRevista de trabajogEl empleo en el debate de las Américas - Año 1, Nº 1/1 (jul./dic. 2005)wREV4713 c22698d22698